000 01204 am a2200289 a 4500
005 20240701105755.0
008 100510s1981||||sp a f |||| 001 0 spa d
020 _a8434511436
041 _aspa
092 _c611.9
_l82
_sTES
100 1 _aTestut, L.
_9145
245 _aCompendio de Anatomía Topográfica con Aplicaciones Medicoquirúrgicas /
_cL. Testut
250 _a11a ed. reimp. revisada y aumentada.
_bEdición revisada y aumentada por R. Bernard
260 _aBarcelona:
_bSalvat;
_c1981.
300 _a766 p.
500 _aTestut, L. y Jacob, O. (1981). Compendio de anatomía topográfica con aplicaciones medicoquirúrgicas. (11a.ed.). Barcelona : Salvat.
653 _aCabeza: cráneo; cara y aparato de los sentidos
653 _aRaquis
653 _aCuello
653 _aTórax: paredes torácicas y cavidad torácica y su contenido
653 _aAbdómen: paredes abdominales; cavidad abdominal y su contendio, y órganos retroperitoneales
653 _aPelvis: paredes pélvicas; cavidad pélvica y su contenido, y perineo y sus dependencias
653 _aMiembros: miembro superior y miembro inferior
700 1 _aJacob, O
_91334
930 _a856
942 _2ddc
_cBK
999 _c623
_d623